Current Prem, Super Rugby, Top14 and URC teams - SUDDEN DEATH - Statistics

General Stats
  • This quiz has been taken 108 times
  • The average score is 21 of 51
Answers on the Grid
Answers color-coded by a green-red scale on the quiz's grid according to % correct below.
Bath
Bristol Bears
Exeter Chiefs
Gloucester
Harlequins
Leicester Tigers
Newcastle Red Bulls
Northampton Saints
Sale Sharks
Saracens
Wasps
Nottingham
Worcester Warriors
Leeds Tykes
London Welsh
Benetton
Bulls
Cardiff Rugby
Connacht
Dragons
Edinburgh
Glasgow Warriors
Leinster
Lions
Munster
Ospreys
Scarlets
Durban Sharks
Stormers
Ulster
Zebre
Aironi
Celtic Warriors
Border Reivers
Cheetahs
Cardiff RFC
Southern Kings
North Wales Crusaders
Dublin RFC
Bayonne
Bordeaux Bègles
Castres
Clermont
La Rochelle
Lyon
Montauban
Montpellier
Pau
Perpignan
Racing 92
Stade Français
Toulon
Toulouse
Béziers
Biarritz
Brive
Colomiers
Grenoble
Agen
Stade Bordelais
ACT Brumbies
Blues
Chiefs
Crusaders
Fijian Drua
Highlanders
Hurricanes
Moana Pasifika
New South Wales Waratahs
Queensland Reds
Western Force
Melbourne Rebels
Jaguares
Sunwolves
Pumas
Griquas
 
Answer Stats
Answer % Correct
Northampton Saints
54%
Stade Français
54%
Bath
51%
Clermont
51%
Harlequins
51%
Sale Sharks
51%
Toulon
51%
Crusaders
49%
Exeter Chiefs
49%
Glasgow Warriors
49%
Gloucester
49%
La Rochelle
49%
Leinster
49%
Racing 92
49%
Saracens
49%
Toulouse
49%
Bordeaux Bègles
46%
Bristol Bears
46%
Leicester Tigers
46%
Pau
46%
Stormers
46%
Ulster
46%
Fijian Drua
43%
Moana Pasifika
43%
Bulls
40%
Castres
40%
Edinburgh
40%
Hurricanes
40%
Lyon
40%
Montpellier
40%
Ospreys
40%
Bayonne
37%
Benetton
37%
Blues
37%
Connacht
37%
Dragons
37%
Lions
37%
Munster
37%
Scarlets
37%
Chiefs
34%
Durban Sharks
34%
Highlanders
34%
Newcastle Red Bulls
34%
Perpignan
34%
ACT Brumbies
31%
Cardiff Rugby
31%
New South Wales Waratahs
31%
Zebre
31%
Western Force
29%
Queensland Reds
26%
Montauban
20%
No matching quizzes found
Score Distribution
Percent of People with Each Score
Percentile by Number Answered
Your Score History
You have not taken this quiz